000 00303 a2200121 4500
000 nam a22 7a 4500
005 20260302142714.0
020 _a9781032698946
100 _aAlexis Akira Toda
_91123488
245 _aEssential Mathematics for Economics
260 _bCRC Press
_c2025
942 _cTEXL
999 _c1688394
_d1688394